• 首页
  • 本馆介绍
  • 公告通知
  • 最新文献
  • 馆藏检索
  • 电子资源
  • 读者荐购
  • 参考咨询
  • CALIS
  • 我的图书馆
  • 登录
  • 详细信息显示
  • 放入我的书架
  • 预约/预借图书
  • 作者相关作品
  • 分类相关作品
  • 丛书相关作品
  • 出版社相关作品

书目信息

  • 表格格式
  • 工作单格式
  • 卡片格式
题名:
考研日语习字帖
    
 
作者: 唐晓红 , 莜蕾 编著 ;非凡外语 编著
分册:  
出版信息: 上海   华东理工大学出版社  2021.11
页数: 112页
开本: 26cm
丛书名:
单 册:
中图分类: H360.421 , J293
科图分类:
主题词: 日语--ri yu--研究生--入学考试--升学参考资料 , 日文--ri wen--法帖
电子资源:
ISBN: 978-7-5628-6570-4
 
 
 
 
 
000 01081nam0 2200277 450
001 27940
005 20221008120120.67
010    @a978-7-5628-6570-4@dCNY30.00 (含临摹纸)
100    @a20220104d2021 em y0chiy50 ea
101 0  @achi@ajpn
102    @aCN@b310000
105    @ay z 000yy
200 1  @a考研日语习字帖@Akao yan ri yu xi zi tie@f唐晓红, 莜蕾, 非凡外语编著
210    @a上海@c华东理工大学出版社@d2021.11
215    @a112页@d26cm@e临摹纸1份
330    @a本书主要收录了以下三个部分: 1.日语平假名、片假名、常用汉字的书写技巧与方法 ; 2.写作中最常用到的基础知识, 包括核心单词及实用语法、万能句等 ; 3.提供历年真题写作范文的描红。通过本书, 学习者可以掌握日语考研相关知识的同时, 练就一手漂亮的日文。
606 0  @a日语@Ari yu@x研究生@x入学考试@j升学参考资料
606 0  @a日文@Ari wen@x法帖
690    @aH360.421@v5
690    @aJ293@v5
701  0 @a唐晓红@Atang xiao hong@4编著
701  0 @a莜蕾@Ayou lei@4编著
711 02 @a非凡外语@Afei fan wai yu@4编著
801  0 @aCN@c20220910
803    @a研究生类教材
905    @a河南城建学院图书馆@dH360.421@eT260-2@f2
    
    考研日语习字帖/唐晓红, 莜蕾, 非凡外语编著.-上海:华东理工大学出版社,2021.11
    112页;26cm+临摹纸1份
    
    
    ISBN 978-7-5628-6570-4:CNY30.00 (含临摹纸)
    本书主要收录了以下三个部分: 1.日语平假名、片假名、常用汉字的书写技巧与方法 ; 2.写作中最常用到的基础知识, 包括核心单词及实用语法、万能句等 ; 3.提供历年真题写作范文的描红。通过本书, 学习者可以掌握日语考研相关知识的同时, 练就一手漂亮的日文。
●
相关链接 在E读中查询图书 在当当中查询图书 在豆瓣中查询图书


正题名:考研日语习字帖     索取号:H360.421/T260-2         预约/预借

序号 登录号 条形码 馆藏地/架位号 状态 备注
1 1580467   215804672   语言库209/209语言库 126排2列4层/ [索取号:H360.421/T260-2] 在馆    
2 1580468   215804681   语言库209/209语言库 126排2列4层/ [索取号:H360.421/T260-2] 在馆    
河南城建学院图书馆 欢迎您!
大连网信软件有限公司© 版权所有